Regeneration in historic coastal towns (Record no. 107570)

MARC details
000 -LEADER
fixed length control field 01056cad a22002055a 4500
001 - CONTROL NUMBER
control field L140913
008 - FIXED-LENGTH DATA ELEMENTS--GENERAL INFORMATION
fixed length control field 071017s2007 xxk f 000 0 eng d
035 ## - SYSTEM CONTROL NUMBER
System control number (Sirsi) u140913
041 0# - LANGUAGE CODE
Language code of text/sound track or separate title eng
050 04 - LIBRARY OF CONGRESS CALL NUMBER
Classification number 711.52 $2 18
110 1# - MAIN ENTRY--CORPORATE NAME
Corporate name or jurisdiction name as entry element English Heritage
9 (RLIN) 2714
245 00 - TITLE STATEMENT
Title Regeneration in historic coastal towns
Medium [electronic resource]
260 ## - PUBLICATION, DISTRIBUTION, ETC.
Place of publication, distribution, etc. Swindon
Name of publisher, distributor, etc. English Heritage
Date of publication, distribution, etc. 2007
520 ## - SUMMARY, ETC.
Summary, etc. Explores how the historic nature of coastal towns can be used to forward the process of regeneration. The unique environment of such places can complement their contemporary appeal. They are attractive to people who want to live and work by the sea in modern sustainable towns. Uses case studies to show how the refurbishment and reuse of historic buildings can create the foundation for the regeneration of local economies.
590 ## - LOCAL NOTE (RLIN)
Local note KA
651 #4 - SUBJECT ADDED ENTRY--GEOGRAPHIC NAME
Geographic name England
Chronological subdivision 886-
690 ## - LOCAL SUBJECT ADDED ENTRY--TOPICAL TERM (OCLC, RLIN)
Topical term or geographic name as entry element PROPERTY-PROPERTY MANAGEMENT-REGENERATION
856 40 - ELECTRONIC LOCATION AND ACCESS
Uniform Resource Identifier <a href="https://www.helm.org.uk/server/show/nav.18087">https://www.helm.org.uk/server/show/nav.18087</a>
Public note View the item free of charge at www.helm.org.uk...
942 ## - ADDED ENTRY ELEMENTS (KOHA)
Suppress in OPAC 0
Holdings
Withdrawn status Lost status Source of classification or shelving scheme Damaged status Not for loan Home library Current library Shelving location Date acquired Total Checkouts Full call number Barcode Date last seen Copy number Price effective from Koha item type
    Dewey Decimal Classification     Virtual Virtual Online 17/10/2007   ONLINE PUBLICATION 140913-1001 06/08/2019 1 06/08/2019 Book